Cestovní konverzace v pěti jazycích : [5x900 důležitých frází, angličtina, němčina, španělština, ruština a francouzština : cestování vlakem, autobusem a letadlem, ubytování a restaurace, nákupy, zdraví, základní informace o státech] /

Uložené v:
Podrobná bibliografia
Hlavní autori: Němcová, Jarmila, 1946- (Author), Janečková, Helena (Author), Němec, Filip (Author), Dvořáková, Marie (Author)
Médium: Kniha
Jazyk:Czech
English
German
Spanish
French
Russian
Vydané: Brno : Computer Press, 2006.
Vydanie:1. vyd.
Edícia:Kapesní průvodce Konverzace
Témy:
ISBN: 802510981X (brož.)
Fyzický popis: 220 s. ; 21 cm.
Tagy: Pridať tag
Žiadne tagy, Buďte prvý kto otaguje tento záznam!

MARC

LEADER 00000nam a2200000 a 4500
001 000391069
005 20121217103045.0
008 060405s2006 xr e f 000 0 cze d
020 |a 802510981X (brož.)  |z 8025107132 
040 |a SVKKK  |b slo  |c SVKKK  |e AACR2 
041 0 |a cze  |a eng  |a ger  |a spa  |a fre  |a rus 
044 |a xr  |c CZ 
072 7 |a 811.111  |x Angličtina  |2 konspekt 
080 |a 811.111  |2 2001 
080 |a 811.112.2  |2 2001 
080 |a 811.134.2  |2 2001 
080 |a 811.161.1  |2 2001 
080 |a 811.133.1  |2 2001 
080 |a 811.162.3  |2 2001 
080 |a 808.56  |2 2001 
080 |a 910.4  |2 2001 
080 |a (035)  |2 2001 
245 0 0 |a Cestovní konverzace v pěti jazycích :  |b [5x900 důležitých frází, angličtina, němčina, španělština, ruština a francouzština : cestování vlakem, autobusem a letadlem, ubytování a restaurace, nákupy, zdraví, základní informace o státech] /  |c Jarmila Němcová ... [et al.]. 
250 |a 1. vyd. 
260 |a Brno :  |b Computer Press,  |c 2006. 
300 |a 220 s. ;  |c 21 cm. 
490 1 |a Kapesní průvodce. Konverzace 
546 |a Súbežný text aj angl., nem., španiel., franc., rus. 
650 0 7 |a angličtina  |2 SVKKKPH 
650 0 7 |a nemčina  |2 SVKKKPH 
650 0 7 |a španielčina  |2 SVKKKPH 
650 0 7 |a ruština  |2 SVKKKPH 
650 0 7 |a francúzština  |2 SVKKKPH 
650 0 7 |a čeština  |2 SVKKKPH 
650 0 7 |a konverzácia  |2 SVKKKPH 
655 7 |a príručky  |2 SVKKKPH 
700 1 |a Němcová, Jarmila,  |d 1946-  |4 aut 
700 1 |a Janečková, Helena  |4 aut 
700 1 |a Němec, Filip  |4 aut 
700 1 |a Dvořáková, Marie  |4 aut 
830 0 |a Kapesní průvodce  |p Konverzace 
910 |a svkkk 
919 |a 80-251-0981-X 
998 |a BK 
090 |g SCKHL  |k Sklad Hlavná 10 prízemie  |a III.223820  |j 1039117  |i 2720271107  |s Absenčne